000 00483nam a2200205Ia 4500
005 20250507125820.0
008 008 250505s9999 xx 000 0 kor d
020 _a8809362344690
037 _aAudio
040 _aEASL
_beng
_cEASL
041 _akor
_2eng
084 _aCD00384-385
_qEASL
100 _aHan Jerim
245 0 _aGuansang
260 _c2014
490 _vV. 2
650 _aKorean
942 _cAUD
_hCD00384-385
999 _c1313375
_d1313375